El pensamiento político de Séneca : (Record no. 122116)

MARC details
000 -LEADER
campo de control de longitud fija 00926nam a2200241 4500
001 - NÚMERO DE CONTROL
campo de control 122116
003 - IDENTIFICADOR DE NÚMERO DE CONTROL
campo de control ES-MaACL
005 - FECHA Y HORA DE LA ÚLTIMA TRANSACCIÓN
campo de control 20230906191919.0
007 - CAMPO FIJO DE DESCRIPCIÓN FÍSICA--INFORMACIÓN GENERAL
campo de control de longitud fija t|
008 - DATOS DE LONGITUD FIJA--INFORMACIÓN GENERAL
campo de control de longitud fija 070214s1977 sp r ||||1| spa d
020 ## - NÚMERO INTERNACIONAL ESTÁNDAR DEL LIBRO
Número Internacional Estándar del Libro 84-292-5104-9
100 1# - ENTRADA PRINCIPAL--NOMBRE DE PERSONA
Nombre de persona Prieto, Fernando.
9 (RLIN) 93882
245 13 - MENCIÓN DEL TÍTULO
Título El pensamiento político de Séneca :
Resto del título leída como tesis para el doctorado en ciencias políticas en la Universidad Complutense de Madrid el 18 de junio de 1974 /
Mención de responsabilidad, etc. Fernando Prieto.
250 ## - MENCION DE EDICION
Mención de edición 1ª ed.
260 ## - PUBLICACIÓN, DISTRIBUCIÓN, ETC.
Lugar de publicación, distribución, etc. Madrid :
Nombre del editor, distribuidor, etc. Revista de Occidente,
Fecha de publicación, distribución, etc. 1977.
300 ## - DESCRIPCIÓN FÍSICA
Extensión 382 p. ;
Dimensiones 19 cm.
500 ## - NOTA GENERAL
Nota general Apéndice: Guión para una antología de los textos políticos de Séneca, p. 353-365.
502 ## - NOTA DE TESIS
Nota de tesis Tesis-Univ. Complutense.
504 ## - NOTA DE BIBLIOGRAFÍA, ETC.
Nota de bibliografía, etc. Bibliografía: p. 365-377.
600 14 - PUNTO DE ACCESO ADICIONAL DE MATERIA--NOMBRE DE PERSONA
Nombre de persona Séneca, Lucio Anneo-
Subdivisión general Pensamiento político.
9 (RLIN) 171950
710 2# - ENTRADA AGREGADA--NOMBRE DE ENTIDAD CORPORATIVA
Nombre de entidad corporativa o nombre de jurisdicción como elemento de entrada Universidad Complutense de Madrid.
9 (RLIN) 7098
852 ## - LOCALIZACIÓN
Ubicación ES-MaACL
Número de control de estantería A-6967
Holdings
Estatus retirado Estado de pérdida Estado de daño No para préstamo Biblioteca de origen Biblioteca actual Ubicación en estantería Fecha de adquisición Fuente de adquisición Total de préstamos Signatura topográfica completa Código de barras Visto por última vez Precio de reemplazo Tipo de ítem Koha
        Biblioteca del Ateneo de Madrid Biblioteca del Ateneo de Madrid Sala Pecera Planta 1 17/01/2008     A-6967 1127259 23/02/2023 23/02/2023 Libro impreso